| 000 | 01331cam a22003137a 4500 | ||
|---|---|---|---|
| 001 | 16514606 | ||
| 005 | 20210414113930.0 | ||
| 008 | 101011s2010 enka 001 0 eng | ||
| 010 | _a 2010530796 | ||
| 015 |
_aGBB0A8687 _2bnb |
||
| 016 | 7 |
_a015645301 _2Uk |
|
| 020 | _a9781906403577 (pbk.) | ||
| 020 | _a1906403570 (pbk.) | ||
| 035 | _a(OCoLC)ocn663447717 | ||
| 040 |
_aUKM _cUKM _dCDX _dDLC |
||
| 042 | _alccopycat | ||
| 050 | 0 | 0 |
_aHD69.P75 S533 _b |
| 082 | 0 | 4 |
_a658.404 _222 |
| 100 | 1 | _aShim, Jae K. | |
| 245 | 1 | 0 |
_aProject management :a financial perspective. / _cJae K. Shim. |
| 260 |
_aCranbrook : _bGlobal Professional, _c2010. |
||
| 300 |
_avii, 185 p.: _bill.; _c24cm. |
||
| 500 | _aIncludes index. | ||
| 505 | _aContents: Overview of project management -- Planning and controlling projects -- Project management concepts and process -- Using the work breakdown structure to plan a project -- Project control using earned value analysis -- Life-cycle costing and target costing -- Economic feasibility study for a capital investment project -- Managing project risk -- Project communication and documentation. | ||
| 650 | 0 |
_aProject management _xFinance. |
|
| 906 |
_a7 _bcbc _ccopycat _d2 _encip _f20 _gy-gencatlg |
||
| 942 |
_2lcc _cBK |
||
| 999 |
_c768 _d8268 |
||